[Event "Grand Pacific op"]
[Site "Victoria CAN"]
[Date "2008.03.23"]
[Round "4.14"]
[White "Cletheroe, Kelvin"]
[Black "Cheng, Jack"]
[Result "1/2-1/2"]
[WhiteElo "1645"]
[BlackElo "1885"]
[PlyCount "69"]
[GameId "2160767910412973"]
[EventDate "2008.03.21"]
[EventType "swiss"]
[EventRounds "6"]
[EventCountry "CAN"]

1. Nc3 e5 2. e4 Nf6 3. f4 d6 4. Nf3 Nc6 5. Bb5 Bg4 6. O-O Be7 7. Bxc6+ bxc6 8. fxe5 dxe5 9. d3 O-O 10. Ne2 Bc5+ 11. Kh1 Bxf3 12. gxf3 Nh5 13. Qe1 f5 14. Ng3 Nxg3+ 15. hxg3 Qd7 16. Kg2 Rab8 17. b3 fxe4 18. dxe4 Rf7 19. Be3 Qe7 20. Rd1 Rbf8 21. Rd3 Bxe3 22. Qxe3 a5 23. a4 g5 24. Qd2 Ra8 25. Qc3 Qf6 26. Qd2 h5 27. Rd7 Rxd7 28. Qxd7 h4 29. gxh4 gxh4 30. Qg4+ Kf7 31. Kh3 Rh8 32. Qd7+ Kf8 33. Qc8+ Kf7 34. Qxc7+ Ke8 35. Qc8+ 1/2-1/2

[Event "Grand Pacific op"]
[Site "Victoria CAN"]
[Date "2008.03.23"]
[Round "4.18"]
[White "Day, Lawrence"]
[Black "Herringer, Moise"]
[Result "1-0"]
[WhiteElo "2312"]
[BlackElo "1557"]
[PlyCount "73"]
[GameId "2160767910412974"]
[EventDate "2008.03.21"]
[EventType "swiss"]
[EventRounds "6"]
[EventCountry "CAN"]

1. Nf3 d5 2. d3 g6 3. c3 Nf6 4. h3 Bg7 5. Bf4 O-O 6. Nbd2 Nc6 7. e3 Re8 8. d4 Ne4 9. Bb5 Nxd2 10. Qxd2 Bd7 11. Be2 e6 12. h4 h5 13. Rc1 Ne7 14. Ne5 Nc6 15. g4 Nxe5 16. Bxe5 hxg4 17. Bxg4 f5 18. Bd1 Bxe5 19. dxe5 g5 20. Qe2 g4 21. f3 g3 22. f4 Re7 23. Qg2 Rg7 24. Rh3 Bc6 25. Bf3 Qe7 26. Kd2 Kh7 27. Rxg3 Rag8 28. Rg5 Rxg5 29. fxg5 f4 30. Qg4 fxe3+ 31. Kxe3 Qc5+ 32. Qd4 Qxd4+ 33. cxd4 Kg6 34. Bg4 Re8 35. Rf1 Rh8 36. Rf6+ Kg7 37. h5 1-0

[Event "Grand Pacific op"]
[Site "Victoria CAN"]
[Date "2008.03.23"]
[Round "4.19"]
[White "Pitre, Hanniegn"]
[Black "Paulson, Stewart"]
[Result "0-1"]
[WhiteElo "2041"]
[BlackElo "1574"]
[PlyCount "76"]
[GameId "2160767910412975"]
[EventDate "2008.03.21"]
[EventType "swiss"]
[EventRounds "6"]
[EventCountry "CAN"]

1. e4 d5 2. exd5 Nf6 3. c4 e6 4. dxe6 Bxe6 5. Nf3 Nbd7 6. d4 Bb4+ 7. Bd2 Bxd2+ 8. Nbxd2 c6 9. Be2 Bg4 10. O-O Bxf3 11. Nxf3 O-O 12. a4 Ne4 13. Bd3 f5 14. a5 Rb8 15. c5 Qf6 16. Bc4+ Kh8 17. b4 g5 18. Ra3 g4 19. Ne1 Qh6 20. Rd3 Ndf6 21. f4 Nh5 22. g3 Nhf6 23. Ng2 Nd5 24. Bxd5 cxd5 25. Qb3 Rbe8 26. Ne3 Qe6 27. b5 Rf6 28. Rc1 Rh6 29. Qa2 Rh3 30. Nf1 h5 31. c6 h4 32. cxb7 hxg3 33. Nxg3 Nxg3 34. Rdd1 Ne2+ 35. Kf1 Nxc1 36. Rxc1 Qe4 37. Qb1 Qh1+ 38. Kf2 Rxh2+ 0-1

[Event "Grand Pacific op"]
[Site "Victoria CAN"]
[Date "2008.03.23"]
[Round "4.29"]
[White "Simpson, Christopher"]
[Black "St Louis, Peter"]
[Result "0-1"]
[WhiteElo "1111"]
[BlackElo "1654"]
[PlyCount "56"]
[GameId "2160767910412976"]
[EventDate "2008.03.21"]
[EventType "swiss"]
[EventRounds "6"]
[EventCountry "CAN"]

1. e4 e5 2. Nf3 Nf6 3. Nc3 Bb4 4. d4 exd4 5. Nxd4 Nxe4 6. Qf3 O-O 7. Bd3 Nxc3 8. O-O Na4 9. b3 Bc3 10. Qe4 g6 11. Rb1 d5 12. Qe3 Qf6 13. Nb5 Be5 14. f4 Bd6 15. bxa4 a6 16. Bb2 Qd8 17. Qd4 f6 18. Qxd5+ Kg7 19. Nxd6 Qxd6 20. Qxd6 cxd6 21. Ba3 Re8 22. f5 g5 23. Rb6 Nc6 24. Be4 d5 25. Rd1 dxe4 26. Rd8 Nxd8 27. Be7 Nc6 28. Kf2 Nxe7 0-1

[Event "Grand Pacific op"]
[Site "Victoria CAN"]
[Date "2008.03.23"]
[Round "4.37"]
[White "Lam, Kenneth"]
[Black "Martin, Nathan"]
[Result "0-1"]
[WhiteElo "880"]
[BlackElo "1310"]
[PlyCount "72"]
[GameId "2160767910412977"]
[EventDate "2008.03.21"]
[EventType "swiss"]
[EventRounds "6"]
[EventCountry "CAN"]

1. e4 e6 2. e5 d5 3. d4 c5 4. Bb5+ Bd7 5. a4 a6 6. Bxd7+ Nxd7 7. a5 Ne7 8. Bg5 h6 9. Bxe7 Bxe7 10. Nf3 O-O 11. O-O cxd4 12. Qxd4 Qc7 13. c3 Bc5 14. Qa4 Nxe5 15. Nxe5 Qxe5 16. g3 Qg5 17. b4 Ba7 18. Qd7 Rab8 19. Na3 Qd8 20. Qa4 Qc7 21. b5 Qxc3 22. Rac1 Bxf2+ 23. Kxf2 Qd2+ 24. Kg1 Rfc8 25. Rcd1 Qe3+ 26. Kg2 axb5 27. Nxb5 Qe4+ 28. Rf3 Qxa4 29. Rdf1 Qxb5 30. Rxf7 Qe2+ 31. R1f2 Qe4+ 32. R7f3 Rf8 33. a6 bxa6 34. h4 Rxf3 35. Rxf3 Rb2+ 36. Kh3 Qxf3 0-1

[Event "Grand Pacific op"]
[Site "Victoria CAN"]
[Date "2008.03.23"]
[Round "4.39"]
[White "Chiu, Joseph"]
[Black "Evans, David"]
[Result "0-1"]
[WhiteElo "1075"]
[BlackElo "1165"]
[PlyCount "62"]
[GameId "2160767910412978"]
[EventDate "2008.03.21"]
[EventType "swiss"]
[EventRounds "6"]
[EventCountry "CAN"]

1. e4 e5 2. Nf3 d6 3. d4 exd4 4. Nxd4 Bd7 5. Nc3 Nf6 6. Bg5 Be7 7. f3 c6 8. h3 Nxe4 9. Nxe4 Bxg5 10. Nxd6+ Ke7 11. Nxb7 Bh4+ 12. Kd2 Bg5+ 13. Kc3 Qb6 14. h4 Bf6 15. Bc4 Qxb7 16. g4 c5 17. b4 Bxd4+ 18. Kd3 Bxa1 19. Qxa1 Qxf3+ 20. Kd2 Qf2+ 21. Be2 Qd4+ 22. Qxd4 cxd4 23. g5 g6 24. c4 dxc3+ 25. Kxc3 Be6 26. a4 Nd7 27. Ba6 Kf8 28. b5 Nc5 29. Kb4 Kg7 30. Ka5 Rac8 31. h5 Rb8 0-1

[Event "Grand Pacific op"]
[Site "Victoria CAN"]
[Date "2008.03.23"]
[Round "5"]
[White "Botez, Alexandra"]
[Black "St Louis, Peter"]
[Result "1-0"]
[WhiteElo "1841"]
[BlackElo "1654"]
[PlyCount "83"]
[GameId "2160767910412979"]
[EventDate "2008.03.21"]
[EventType "swiss"]
[EventRounds "6"]
[EventCountry "CAN"]
[SourceTitle "EXT 2011"]
[Source "ChessBase"]
[SourceDate "2011.11.26"]
[SourceVersion "1"]
[SourceVersionDate "2011.11.26"]
[SourceQuality "1"]

1. d4 d5 2. c4 e6 3. Nc3 Nf6 4. Nf3 Nc6 5. Bf4 a6 6. e3 Bb4 7. Bd3 dxc4 8. Bxc4 Ne4 9. Qc2 Nxc3 10. bxc3 Bd6 11. Bxd6 Qxd6 12. O-O O-O 13. Bd3 g6 14. c4 Nb4 15. Qb3 Nxd3 16. Qxd3 c5 17. Nd2 f5 18. f4 cxd4 19. exd4 Rd8 20. Nb3 b6 21. Qf3 Bd7 22. c5 bxc5 23. dxc5 Qc6 24. Qe3 Rac8 25. Rfd1 Be8 26. Rac1 Bf7 27. Rd4 Rd5 28. Rcd1 Rcd8 29. Rxd5 Rxd5 30. Rxd5 Qxd5 31. Qd4 Qxd4+ 32. Nxd4 Kf8 33. a4 Ke7 34. a5 Be8 35. Kf2 h6 36. h4 h5 37. Ke3 Bd7 38. Kd3 Kd8 39. c6 Bc8 40. Kc4 Ke8 41. Kc5 Ke7 42. Nf3 1-0

[Event "Grand Pacific op"]
[Site "Victoria CAN"]
[Date "2008.03.23"]
[Round "5"]
[White "Cheng, Bindi"]
[Black "Wu, Howard"]
[Result "1-0"]
[WhiteElo "2352"]
[BlackElo "2257"]
[PlyCount "67"]
[GameId "2160767910412980"]
[EventDate "2008.03.21"]
[EventType "swiss"]
[EventRounds "6"]
[EventCountry "CAN"]
[SourceTitle "EXT 2011"]
[Source "ChessBase"]
[SourceDate "2011.11.26"]
[SourceVersion "1"]
[SourceVersionDate "2011.11.26"]
[SourceQuality "1"]

1. d4 Nf6 2. Bg5 Ne4 3. Bf4 c5 4. f3 Qa5+ 5. c3 Nf6 6. Nd2 cxd4 7. Nb3 Qd8 8. cxd4 d5 9. e3 e6 10. Ne2 Nc6 11. Bg3 Bb4+ 12. Nc3 O-O 13. Rc1 Re8 14. Bb5 Qb6 15. Bxc6 bxc6 16. O-O Ba6 17. Rf2 Bb5 18. Nxb5 cxb5 19. Rfc2 Qd8 20. Nc5 Nh5 21. Bf2 Qg5 22. a3 Ba5 23. Qd3 a6 24. Nb7 Bd8 25. Nd6 Rf8 26. Rc8 Ra7 27. R8c6 e5 28. h4 e4 29. Qd1 Qe7 30. Nc8 Qd7 31. Rd6 Qb7 32. Nxa7 Qxa7 33. g4 Be7 34. Rdc6 1-0

[Event "Grand Pacific op"]
[Site "Victoria CAN"]
[Date "2008.03.23"]
[Round "5"]
[White "Daniluk, Jim"]
[Black "Moore, Harry"]
[Result "1-0"]
[WhiteElo "2037"]
[BlackElo "2281"]
[PlyCount "63"]
[GameId "2160767910412982"]
[EventDate "2008.03.21"]
[EventType "swiss"]
[EventRounds "6"]
[EventCountry "CAN"]
[SourceTitle "EXT 2011"]
[Source "ChessBase"]
[SourceDate "2011.11.26"]
[SourceVersion "1"]
[SourceVersionDate "2011.11.26"]
[SourceQuality "1"]

1. d4 Nf6 2. Nf3 g6 3. c4 Bg7 4. Nc3 O-O 5. g3 d6 6. Bg2 Nbd7 7. h3 e5 8. O-O c6 9. e4 Re8 10. Re1 a5 11. Rb1 exd4 12. Nxd4 d5 13. exd5 Rxe1+ 14. Qxe1 cxd5 15. Ndb5 dxc4 16. Nd6 Nc5 17. Nxc4 Bf5 18. Be3 Bxb1 19. Bxc5 Qc7 20. Be3 Bf5 21. b3 Re8 22. Qc1 h5 23. Bf4 Qd7 24. Nd6 Rf8 25. Kh2 b6 26. Na4 Qe6 27. Nxb6 Be4 28. Qc4 Qxc4 29. bxc4 Bxg2 30. Kxg2 Ne8 31. Nb7 Bd4 32. Nd7 1-0

[Event "Grand Pacific op"]
[Site "Victoria CAN"]
[Date "2008.03.23"]
[Round "5"]
[White "Jensen, Jacob"]
[Black "Jones, Cliff"]
[Result "1-0"]
[WhiteElo "1370"]
[BlackElo "1715"]
[PlyCount "63"]
[GameId "2160767910412983"]
[EventDate "2008.03.21"]
[EventType "swiss"]
[EventRounds "6"]
[EventCountry "CAN"]
[SourceTitle "EXT 2011"]
[Source "ChessBase"]
[SourceDate "2011.11.26"]
[SourceVersion "1"]
[SourceVersionDate "2011.11.26"]
[SourceQuality "1"]

1. c4 c6 2. Nc3 d5 3. cxd5 cxd5 4. Nf3 Bg4 5. g3 Nf6 6. Bg2 e6 7. O-O Nc6 8. d3 a6 9. Be3 Bd6 10. Rc1 O-O 11. Qb3 Qe7 12. Na4 Nd7 13. a3 b5 14. Rxc6 bxa4 15. Qxa4 Rfb8 16. Qxg4 Rxb2 17. Bd4 Nf6 18. Bxf6 Qxf6 19. Rxd6 Rxe2 20. Qg5 Qxg5 21. Nxg5 h6 22. Nf3 Ra2 23. Rc1 Rxa3 24. d4 a5 25. Rdc6 a4 26. Rc8+ Rxc8 27. Rxc8+ Kh7 28. Ra8 Ra1+ 29. Bf1 a3 30. Kg2 Kg6 31. Ne5+ Kf5 32. Bd3+ 1-0

[Event "Grand Pacific op"]
[Site "Victoria CAN"]
[Date "2008.03.23"]
[Round "5"]
[White "Joe, Jacky"]
[Black "Lam, Kenneth"]
[Result "0-1"]
[WhiteElo "791"]
[BlackElo "880"]
[PlyCount "42"]
[GameId "2160767910412984"]
[EventDate "2008.03.21"]
[EventType "swiss"]
[EventRounds "6"]
[EventCountry "CAN"]

1. g3 e5 2. Nf3 e4 3. Ng1 b6 4. d3 exd3 5. cxd3 Bb7 6. f3 Bb4+ 7. Nd2 Bc5 8. e4 Bxg1 9. Rxg1 Ne7 10. Kf2 O-O 11. b3 d5 12. Bb2 dxe4 13. fxe4 Nbc6 14. Qc2 f6 15. Qc4+ Kh8 16. e5 fxe5+ 17. Nf3 Na5 18. Qh4 Rxf3+ 19. Kg2 Ng6 20. Qxd8+ Rxd8 21. Be2 Rf4+ 0-1

[Event "Grand Pacific op"]
[Site "Victoria CAN"]
[Date "2008.03.23"]
[Round "5"]
[White "Leblanc, Paul"]
[Black "Morin, Glenn"]
[Result "1-0"]
[WhiteElo "1955"]
[BlackElo "2276"]
[PlyCount "67"]
[GameId "2160767910412985"]
[EventDate "2008.03.21"]
[EventType "swiss"]
[EventRounds "6"]
[EventCountry "CAN"]
[SourceTitle "EXT 2011"]
[Source "ChessBase"]
[SourceDate "2011.11.26"]
[SourceVersion "1"]
[SourceVersionDate "2011.11.26"]
[SourceQuality "1"]

1. d4 f5 2. g3 Nf6 3. Bg2 g6 4. c4 Bg7 5. Nc3 d6 6. Nf3 O-O 7. O-O Na6 8. a3 c5 9. e3 Bd7 10. Rb1 Rb8 11. b4 b6 12. Nb5 Nc7 13. Nc3 Bc6 14. Bb2 Ne4 15. Qb3 Nxc3 16. Bxc3 Be4 17. Rbd1 Qe8 18. d5 h6 19. Qb2 Bxc3 20. Qxc3 Qf7 21. Nd2 Bxg2 22. Kxg2 e5 23. dxe6 Qxe6 24. h4 Rbd8 25. Nf3 Qe4 26. Qd3 Rfe8 27. Rd2 Qa8 28. Rfd1 Re5 29. Qc3 Re6 30. Qd3 Re5 31. Qc3 Re6 32. Qd3 g5 33. hxg5 hxg5 34. Qxf5 1-0

[Event "Grand Pacific op"]
[Site "Victoria CAN"]
[Date "2008.03.23"]
[Round "5"]
[White "Patterson, Roger"]
[Black "Kostin, Andrey"]
[Result "1-0"]
[WhiteElo "2140"]
[BlackElo "2043"]
[PlyCount "51"]
[GameId "2160767910412987"]
[EventDate "2008.03.21"]
[EventType "swiss"]
[EventRounds "6"]
[EventCountry "CAN"]
[SourceTitle "EXT 2011"]
[Source "ChessBase"]
[SourceDate "2011.11.26"]
[SourceVersion "1"]
[SourceVersionDate "2011.11.26"]
[SourceQuality "1"]

1. e4 e5 2. Nf3 Nc6 3. Bb5 a6 4. Ba4 Nf6 5. O-O Be7 6. Re1 b5 7. Bb3 d6 8. c3 O-O 9. h3 h6 10. d4 Re8 11. Nbd2 Bf8 12. a3 Bb7 13. Ba2 Nb8 14. Qb3 Qe7 15. c4 c6 16. dxe5 dxe5 17. cxb5 Nbd7 18. bxa6 Bxa6 19. Nc4 Nc5 20. Qc2 Nfd7 21. b4 Ne6 22. Bb2 f6 23. Rad1 Kh7 24. Nd6 Red8 25. Nf5 Qe8 26. Qb3 1-0

[Event "Grand Pacific op"]
[Site "Victoria CAN"]
[Date "2008.03.23"]
[Round "5.3"]
[White "Daswani, Benedict"]
[Black "Davies, Lucas"]
[Result "0-1"]
[WhiteElo "2078"]
[BlackElo "2230"]
[PlyCount "70"]
[GameId "2160767910412989"]
[EventDate "2008.03.21"]
[EventType "swiss"]
[EventRounds "6"]
[EventCountry "CAN"]

1. c4 Nf6 2. Nc3 g6 3. g3 Bg7 4. Bg2 d6 5. d3 O-O 6. Nf3 Bd7 7. Bg5 h6 8. Bd2 Qc8 9. h4 Na6 10. a3 c6 11. Qc2 Nc7 12. e4 Nh5 13. O-O Bh3 14. Ne2 Bxg2 15. Kxg2 f5 16. Nf4 Nxf4+ 17. Bxf4 fxe4 18. dxe4 Rxf4 19. gxf4 Qg4+ 20. Kh2 Qxf4+ 21. Kg2 Qg4+ 22. Kh2 Qxf3 23. Rg1 Be5+ 24. Rg3 Bxg3+ 25. fxg3 Rf8 26. Rg1 Qf2+ 27. Rg2 Qxc2 28. Rxc2 Kf7 29. Kh3 Ke6 30. Rc3 Ke5 31. Rb3 b6 32. Re3 Kd4 33. Re1 b5 34. b4 Kxc4 35. e5 d5 0-1

[Event "Grand Pacific op"]
[Site "Victoria CAN"]
[Date "2008.03.23"]
[Round "5.6"]
[White "Trochtchanovitch, Pavel"]
[Black "McLaren, Brian"]
[Result "1/2-1/2"]
[WhiteElo "2010"]
[BlackElo "2246"]
[PlyCount "106"]
[GameId "2160767910412990"]
[EventDate "2008.03.21"]
[EventType "swiss"]
[EventRounds "6"]
[EventCountry "CAN"]

1. e4 c5 2. Nf3 d6 3. d4 cxd4 4. Nxd4 Nf6 5. Nc3 g6 6. Be3 Bg7 7. Be2 Nc6 8. Qd2 Bd7 9. Bf3 Ne5 10. Be2 Rc8 11. f3 Nc4 12. Bxc4 Rxc4 13. Nce2 b5 14. c3 h5 15. O-O O-O 16. Rfd1 Qb8 17. Bh6 Rd8 18. Bxg7 Kxg7 19. Nc2 a5 20. Ne3 Rc5 21. Nd5 Ng8 22. Ng3 f6 23. Nf4 e5 24. Nd5 Be6 25. a4 Bxd5 26. exd5 Ne7 27. Qe2 bxa4 28. Rxa4 Nxd5 29. Rda1 Rb5 30. R4a2 Nf4 31. Qd2 Rd7 32. c4 Rb4 33. c5 d5 34. Ne2 Qb5 35. Nxf4 Qxc5+ 36. Qf2 Qxf2+ 37. Kxf2 exf4 38. Rxa5 Rxb2+ 39. Kf1 Kf7 40. Rd1 Ke6 41. Re1+ Kf5 42. Rd1 Ke5 43. Re1+ Kd4 44. Ra4+ Kc3 45. Rxf4 Rd6 46. Re3+ Kc2 47. Rd4 Rb3 48. Re2+ Kc3 49. Red2 Rb1+ 50. Kf2 Rb2 51. R4d3+ Kc4 52. Rd4+ Kc5 53. Rxd5+ Rxd5 1/2-1/2

[Event "Grand Pacific op"]
[Site "Victoria CAN"]
[Date "2008.03.23"]
[Round "5.7"]
[White "Murray, Mike"]
[Black "Bragg, David"]
[Result "0-1"]
[WhiteElo "1918"]
[BlackElo "2209"]
[PlyCount "94"]
[GameId "2160767910412991"]
[EventDate "2008.03.21"]
[EventType "swiss"]
[EventRounds "6"]
[EventCountry "CAN"]

1. Nc3 d5 2. e4 dxe4 3. Nxe4 Nf6 4. Qf3 Nbd7 5. Bb5 c6 6. Ba4 e6 7. Nxf6+ Qxf6 8. Qxf6 gxf6 9. Nf3 Rg8 10. O-O Nc5 11. Bb3 Nxb3 12. axb3 c5 13. d3 Bd6 14. Nd2 f5 15. Nc4 Bc7 16. f4 b6 17. Bd2 Bb7 18. Rf2 h5 19. Bc3 a6 20. Be5 O-O-O 21. Bxc7 Kxc7 22. Re1 Rg7 23. Ne5 Rgg8 24. Ree2 a5 25. Nf3 Kd6 26. Rd2 Ra8 27. Ne5 Kc7 28. d4 f6 29. Nc4 a4 30. dxc5 bxc5 31. bxa4 Rxa4 32. b3 Ra1+ 33. Rf1 Rxf1+ 34. Kxf1 Ba6 35. Rd3 Rd8 36. Kf2 Bxc4 37. bxc4 Rd4 38. Rxd4 cxd4 39. Ke2 Kc6 40. Kd3 Kc5 41. c3 dxc3 42. Kxc3 h4 43. g3 hxg3 44. hxg3 e5 45. Kd3 Kb4 46. fxe5 fxe5 47. g4 fxg4 0-1

[Event "Grand Pacific op"]
[Site "Victoria CAN"]
[Date "2008.03.23"]
[Round "5.8"]
[White "Huang, Richard"]
[Black "Chan, James"]
[Result "0-1"]
[WhiteElo "1977"]
[BlackElo "2102"]
[PlyCount "84"]
[GameId "2160767910412992"]
[EventDate "2008.03.21"]
[EventType "swiss"]
[EventRounds "6"]
[EventCountry "CAN"]

1. Nf3 f5 2. d4 g6 3. c4 Bg7 4. Nc3 Nf6 5. g3 d6 6. Bg2 O-O 7. O-O Qe8 8. d5 a5 9. Be3 h6 10. h4 Na6 11. Qc2 b6 12. a3 Bd7 13. Rad1 Rb8 14. a4 Nc5 15. b3 Qf7 16. Nb5 Na6 17. Bd4 Rbe8 18. e3 Kh8 19. Qb2 Qg8 20. Rfe1 Kh7 21. Kf1 Bh8 22. Ke2 e5 23. dxe6 Bxe6 24. Nd2 Re7 25. Bc3 Nc5 26. Nd4 Bd7 27. Qc2 Nfe4 28. Bb2 Qf7 29. Rg1 Rfe8 30. Bf3 Bf6 31. Rdf1 Qg7 32. Kd1 Nxf2+ 33. Rxf2 Rxe3 34. Ne6 R8xe6 35. Bxf6 Qxf6 36. Re2 Qa1+ 37. Nb1 Rxb3 38. Rxe6 Bxe6 39. Ke2 Qe5+ 40. Kd2 Rxf3 41. Kd1 Qd4+ 42. Kc1 Nb3+ 0-1

[Event "Grand Pacific op"]
[Site "Victoria CAN"]
[Date "2008.03.23"]
[Round "5.10"]
[White "Han, Yifei"]
[Black "Day, Lawrence"]
[Result "0-1"]
[WhiteElo "1846"]
[BlackElo "2312"]
[PlyCount "54"]
[GameId "2160767910412993"]
[EventDate "2008.03.21"]
[EventType "swiss"]
[EventRounds "6"]
[EventCountry "CAN"]

1. e4 b6 2. d4 Bb7 3. Nc3 e6 4. Nf3 d6 5. Bc4 Nd7 6. O-O h6 7. h3 a6 8. a4 g6 9. b4 Bg7 10. Bb2 Ngf6 11. Bd3 O-O 12. Re1 Nh5 13. Ne2 f5 14. Ng3 Nf4 15. Qd2 fxe4 16. Bxe4 Bxe4 17. Rxe4 g5 18. c4 Qf6 19. Rae1 Rae8 20. Ba1 Nxg2 21. Kxg2 Qxf3+ 22. Kg1 e5 23. dxe5 Bxe5 24. Bxe5 Rxe5 25. Rxe5 Nxe5 26. Qd5+ Qxd5 27. cxd5 Nf3+ 0-1

[Event "Grand Pacific op"]
[Site "Victoria CAN"]
[Date "2008.03.23"]
[Round "5.11"]
[White "Jarquin, Charlie"]
[Black "Kristjansson, Olafur"]
[Result "0-1"]
[WhiteElo "1839"]
[BlackElo "2080"]
[PlyCount "38"]
[GameId "2160767910412994"]
[EventDate "2008.03.21"]
[EventType "swiss"]
[EventRounds "6"]
[EventCountry "CAN"]

1. e4 c5 2. Nc3 Nc6 3. g3 g6 4. Bg2 Bg7 5. d3 e6 6. Be3 Nd4 7. Qd2 Ne7 8. f4 d6 9. Nge2 Rb8 10. a4 a6 11. Nd1 O-O 12. Ra3 e5 13. fxe5 dxe5 14. c3 Nxe2 15. Qxe2 Qc7 16. O-O b6 17. Nf2 Nc6 18. Ng4 f6 19. Bh6 Bxg4 0-1

[Event "Grand Pacific op"]
[Site "Victoria CAN"]
[Date "2008.03.23"]
[Round "5.12"]
[White "Beaudin, Jesse"]
[Black "Cletheroe, Kelvin"]
[Result "0-1"]
[WhiteElo "1945"]
[BlackElo "1645"]
[PlyCount "58"]
[GameId "2160767910412995"]
[EventDate "2008.03.21"]
[EventType "swiss"]
[EventRounds "6"]
[EventCountry "CAN"]

1. e4 c6 2. d4 d5 3. e5 Bf5 4. f4 e6 5. Nf3 Nd7 6. Bd3 Bxd3 7. Qxd3 c5 8. c3 cxd4 9. cxd4 Bb4+ 10. Nc3 a6 11. g4 f6 12. Bd2 fxe5 13. fxe5 Be7 14. g5 Nb6 15. b3 Bb4 16. Rc1 Ne7 17. h4 Nf5 18. O-O O-O 19. Rf2 Nd7 20. Be3 Rc8 21. Ne2 Qe7 22. Rxc8 Rxc8 23. Nf4 Rc3 24. Qb1 Rxe3 25. Nxd5 exd5 26. Qxf5 Nf8 27. h5 Qe6 28. Qf4 Re4 29. Qc1 Qg4+ 0-1

[Event "Grand Pacific op"]
[Site "Victoria CAN"]
[Date "2008.03.23"]
[Round "5.13"]
[White "Datcu-Romano, Anca"]
[Black "Li, Changhe"]
[Result "0-1"]
[WhiteElo "1815"]
[BlackElo "1932"]
[PlyCount "84"]
[GameId "2160767910412996"]
[EventDate "2008.03.21"]
[EventType "swiss"]
[EventRounds "6"]
[EventCountry "CAN"]

1. e4 c5 2. Nf3 e6 3. d4 cxd4 4. Nxd4 a6 5. Nc3 Qc7 6. Be3 Bb4 7. Bd2 Nf6 8. f3 O-O 9. a3 Bc5 10. Nb3 Ba7 11. Bd3 Nc6 12. Qe2 b5 13. Be3 d5 14. Bxa7 Rxa7 15. O-O d4 16. Nd1 e5 17. c3 Qd6 18. cxd4 Nxd4 19. Nxd4 Qxd4+ 20. Nf2 Be6 21. Rfd1 Qb6 22. Rac1 Rd8 23. Kh1 Rad7 24. Bc2 h6 25. Rxd7 Rxd7 26. Nd3 Bc4 27. b3 Bxd3 28. Bxd3 Qd8 29. Rd1 Nh5 30. Bc2 Rd4 31. g3 Nf6 32. Rxd4 Qxd4 33. Qd3 Qa1+ 34. Kg2 Qxa3 35. f4 Qc5 36. Qd8+ Kh7 37. Qd3 Ng4 38. Qe2 Ne3+ 39. Kf3 Nxc2 40. Qf2 Qxf2+ 41. Kxf2 exf4 42. gxf4 Nd4 0-1

[Event "Grand Pacific op"]
[Site "Victoria CAN"]
[Date "2008.03.23"]
[Round "5.13"]
[White "Renaud, Joshua"]
[Black "Davies, Noam"]
[Result "0-1"]
[WhiteElo "1452"]
[BlackElo "2209"]
[PlyCount "62"]
[GameId "2160767910412997"]
[EventDate "2008.03.21"]
[EventType "swiss"]
[EventRounds "6"]
[EventCountry "CAN"]

1. e4 c5 2. b3 e6 3. Bb2 Nf6 4. Nc3 Nc6 5. Bb5 Qc7 6. Bxc6 Qxc6 7. d3 d5 8. Qe2 d4 9. Nb1 e5 10. Nf3 Bd6 11. Nbd2 b5 12. O-O Bg4 13. h3 Bd7 14. Rac1 Qa6 15. a3 Nh5 16. Rfe1 Nf4 17. Qf1 f6 18. Ra1 O-O-O 19. Rec1 g5 20. Nh2 h5 21. b4 Rdg8 22. Qe1 Rg7 23. bxc5 Bxc5 24. Nb3 Be7 25. c4 bxc4 26. Rxc4+ Kb8 27. Qd1 Ka8 28. Rc7 Bd6 29. Rc4 g4 30. Nc5 Bxc5 31. Rxc5 g3 0-1

[Event "Grand Pacific op"]
[Site "Victoria CAN"]
[Date "2008.03.23"]
[Round "5.14"]
[White "Lai, Peter"]
[Black "Milne, Arthur"]
[Result "1/2-1/2"]
[WhiteElo "1610"]
[BlackElo "1869"]
[PlyCount "73"]
[GameId "2160767910412998"]
[EventDate "2008.03.21"]
[EventType "swiss"]
[EventRounds "6"]
[EventCountry "CAN"]

1. d4 Nc6 2. c4 e5 3. d5 Nce7 4. Nc3 Ng6 5. e4 d6 6. Nf3 Be7 7. Be2 Nf6 8. O-O a5 9. b3 O-O 10. Be3 Nd7 11. Qc2 b6 12. a3 Nf4 13. Nd2 Bg5 14. Nf3 Nxe2+ 15. Qxe2 Bxe3 16. Qxe3 Nc5 17. Nd2 Kh8 18. Ne2 f5 19. exf5 Bxf5 20. Ng3 Bg6 21. Nge4 Nxe4 22. Nxe4 Rf4 23. f3 h6 24. Rac1 Qe7 25. Ra1 Raf8 26. Qe2 Be8 27. Rad1 Bd7 28. Rc1 Qf7 29. Rcd1 Qh5 30. Rc1 g5 31. Rcd1 Qg6 32. Rde1 Kg7 33. Rf2 h5 34. g3 R4f5 35. Kg2 h4 36. g4 Rf4 37. Kf1 1/2-1/2

[Event "Grand Pacific op"]
[Site "Victoria CAN"]
[Date "2008.03.23"]
[Round "5.15"]
[White "Cheng, Jack"]
[Black "Friesen, Yascha"]
[Result "1-0"]
[WhiteElo "1885"]
[BlackElo "1739"]
[PlyCount "99"]
[GameId "2160767910412999"]
[EventDate "2008.03.21"]
[EventType "swiss"]
[EventRounds "6"]
[EventCountry "CAN"]

1. e4 c5 2. Nf3 Nc6 3. d4 cxd4 4. Nxd4 Nf6 5. Nc3 e5 6. Ndb5 d6 7. Bg5 a6 8. Na3 b5 9. Nd5 Be7 10. Bxf6 Bxf6 11. c3 O-O 12. Nc2 Bg5 13. a4 bxa4 14. Rxa4 a5 15. Bc4 Rb8 16. b3 Kh8 17. O-O f5 18. exf5 Bxf5 19. Nce3 Bd7 20. Ra1 Ne7 21. Nxe7 Bxe7 22. Nd5 Bb5 23. Nxe7 Bxc4 24. bxc4 Qxe7 25. Rxa5 Rb2 26. Rb5 Ra2 27. Qb1 Qa7 28. Rb2 Ra3 29. Rb7 Qc5 30. Rb8 Ra8 31. Rxa8 Rxa8 32. Qb4 Qc7 33. Rb1 h6 34. h3 Rc8 35. Re1 Rb8 36. Qa3 Rf8 37. Rxe5 Qf7 38. Re2 Qxc4 39. Qxd6 Rc8 40. Re3 Ra8 41. Qd4 Ra1+ 42. Kh2 Qf7 43. Rf3 Qc7+ 44. g3 Qb7 45. Rf8+ Kh7 46. Qd3+ g6 47. Qf3 Qxf3 48. Rxf3 Rc1 49. Kg2 Kg7 50. Rd3 1-0

[Event "Grand Pacific op"]
[Site "Victoria CAN"]
[Date "2008.03.23"]
[Round "5.16"]
[White "Harris, Philip"]
[Black "Paulson, Stewart"]
[Result "1-0"]
[WhiteElo "1868"]
[BlackElo "1574"]
[PlyCount "97"]
[GameId "2160767910413000"]
[EventDate "2008.03.21"]
[EventType "swiss"]
[EventRounds "6"]
[EventCountry "CAN"]

1. d4 Nf6 2. c4 e6 3. Nf3 Bb4+ 4. Nc3 Bxc3+ 5. bxc3 d5 6. e3 Nbd7 7. Bd3 O-O 8. Qc2 h6 9. O-O c5 10. Rd1 b6 11. cxd5 exd5 12. c4 Bb7 13. Ne5 Qc7 14. f4 Rad8 15. Ba3 Rfe8 16. Rac1 Nxe5 17. fxe5 Ne4 18. cxd5 Bxd5 19. Bxe4 Bxe4 20. Qxe4 c4 21. Qc2 b5 22. Bd6 Qd7 23. Qc3 Rc8 24. Rf1 Re6 25. Rf4 Rg6 26. Rcf1 Qh3 27. R1f2 a5 28. R4f3 Qe6 29. Qxa5 c3 30. Rc2 Qd5 31. Kf2 f5 32. Bc5 Ra8 33. Qxc3 Rxa2 34. Qd3 Rg5 35. Re2 Rxe2+ 36. Qxe2 Qe4 37. g3 h5 38. Qxb5 h4 39. Qe2 h3 40. Kg1 Qb1+ 41. Rf1 Qe4 42. Qf3 Qc2 43. Bd6 Qd3 44. Rd1 Qc2 45. d5 Rg4 46. e6 Re4 47. Bf4 g6 48. d6 Rxe6 49. d7 1-0